¿Combate saca la corrupción?

Gorde:
Xehetasun bibliografikoak
Formatua: Texto
Argitaratua: San Salvador: CIDAI
Gaiak:
Etiketak: Etiketa erantsi
Etiketarik gabe, Izan zaitez lehena erregistro honi etiketa jartzen!

MARC

LEADER 00000 a a2200000 04500
001 46488
003
040
090 |a REV0420 26(1149) 2005  
245 |a ¿Combate saca la corrupción?  
260 |a San Salvador:   |b CIDAI  
650 |a CORRUPCION  
650 |a PROBLEMAS POLITICOS  
650 |a CLERO  
773 |g volumen26, número1149 ( , 2005)  
999 |c 37430  |d 37430